The Learning, memory, and perception of perceptual-motor skills

Αποθηκεύτηκε σε:
Λεπτομέρειες βιβλιογραφικής εγγραφής
Άλλοι συγγραφείς: Wilberg, Robert B. (Επιμελητής έκδοσης)
Μορφή: Βιβλίο
Γλώσσα:English
Δημοσίευση: Amsterdam ; New York : New York, NY., USA : North-Holland ; , Distributors for the U.S. and Canada, Elsevier Science Pub. Co., 1991
Θέματα:
Ετικέτες: Προσθήκη ετικέτας
Δεν υπάρχουν, Καταχωρήστε ετικέτα πρώτοι!

MARC

LEADER 00000cam a2200000 i 4500
001 1/86232
008 981026s1991 eng d
020 |a 0-444-88950-7 
035 |l 10034917 
035 |a 1992  |b 1  |c Πολεμικός 
040 |a GR-MY-UA  |b    |e aacr 
041 0 |a eng 
082 0 |a 152.334  |2 (20) 
245 1 4 |a The Learning, memory, and perception of perceptual-motor skills /  |c edited by Robert B. Wilberg 
260 |a Amsterdam ; New York :   |a New York, NY., USA :   |b North-Holland ; ,   |b Distributors for the U.S. and Canada, Elsevier Science Pub. Co.,   |c 1991 
300 |a xi, 350 p.;  |b ill.;  |c 25 cm 
500 |a "Reprinted from the journal Human movement science, vol. 9, nos. 3-5, 1990"--T.p. verso 
504 |a Includes bibliographical references and index 
650 0 0 |a Motor learning. 
650 0 0 |a Perceptual-motor learning. 
650 0 0 |a Memory. 
700 1 |a Wilberg, Robert B.  |4 edt 
852 |a INST  |b RHODES  |e 19981026  |h 152.334 LEA  |p 005400008016  |q 005400008016  |t BK  |y 0 
909 |a Ρ  |b 022831  |c 1992